LEADER 00935nam0-22003251i-450- 001 990000860580403321 005 20001010 010 $a0-540-51398-1 035 $a000086058 035 $aFED01000086058 035 $a(Aleph)000086058FED01 035 $a000086058 100 $a20001010d--------km-y0itay50------ba 101 0 $aita 105 $ay-------001yy 200 1 $aClassical dynamicis and its quantum analogues$fD. Park 205 $aSecond enlarged and updated edition 210 $aBer lin$cSpringer-Verlag$d1990 215 $aIX, 333 p. 101 fig. 24 cm 610 0 $aClassical dynamics and its quantum analogues 676 $a531.11 700 1$aPark,$bDavid$042504 801 0$aIT$bUNINA$gRICA$2UNIMARC 901 $aBK 912 $a990000860580403321 952 $a02 12 E 40$b5907$fFINBN 959 $aFINBN 996 $aClassical dynamicis and its quantum analogues$9349647 997 $aUNINA DB $aING01 LEADER 01058nam0-22003371--450- 001 990006104830403321 005 20110927191235.0 035 $a000610483 035 $aFED01000610483 035 $a(Aleph)000610483FED01 035 $a000610483 100 $a20000112d1992----km-y0itay50------ba 101 0 $aita 102 $aIT 105 $ay---n---001yy 200 1 $aNormativa ed organizzazione delle minoranze confessionali in Italia$fa cura di V. Parlato e G.B. Varnier 210 $aTorino$cGiappichelli$d1992 215 $aVII, 359 p.$d23 cm 225 1 $aCollana di studi di diritto canonico ed ecclesiastico$iSezione ecclesiasticistica$v6 676 $a238 702 1$aParlato,$bVittorio 702 1$aVarnier,$bGiovanni Battista 801 0$aIT$bUNINA$gRICA$2UNIMARC 901 $aBK 912 $a990006104830403321 952 $aII LL 67$b596$fDCEC 952 $aIII M 71 (6)$b20092*$fFGBC 959 $aFGBC 959 $aDCEC 996 $aNormativa ed organizzazione delle minoranze confessionali in Italia$9574602 997 $aUNINA